Geschichte der evangelischen Kirchengemeinde H. B.

Bibliographic Details
Main Author: Schrödl, Josef (Author)
Format: Book
Language:Undetermined
PhysicalDescription:448 s.
Published: Pozsony Kirchengemeinde H. b. 1906

MARC

LEADER 00000nam a2200000 a 4500
001 vtls001311215
003 SK-MaSNL
005 20260301065356.0
008 240314s1906 xx 0 und
035 |a SNK000263581 
040 |a SNK  |b slo  |c SNK  |e AACR2 
041 0 |a und 
044 |a xx 
100 1 |a Schrödl, Josef  |4 aut  |9 384040 
245 1 0 |a Geschichte der evangelischen Kirchengemeinde H. B. 
260 |a Pozsony  |b Kirchengemeinde H. b.  |c 1906 
300 |a 448 s. 
958 |a ONDV 
999 |c 630513  |d 632443 
952 |t P60, <04>, [BOOK], {604}  |a SNK  |b SNK  |y VYP  |7 0  |p 17A0121663  |o snkSB 937/1 D1  |0 0  |1 0  |4 0  |d 1998-02-06  |l 0  |r 2005-01-02 00:00:00  |w 2026-02-23 
952 |t P60, <03>, [BOOK], {603}  |a SNK  |b SNK  |y PREZ  |7 0  |p 17A0109443  |o snkSB 937/1  |0 0  |1 0  |4 0  |d 1997-11-19  |l 0  |r 2025-02-07 00:00:00  |w 2026-02-23